| 000 | 00353 a2200133 4500 | ||
|---|---|---|---|
| 999 |
_c299987 _d299987 |
||
| 001 | 64914 | ||
| 003 | NUST | ||
| 005 | 20180119103042.0 | ||
| 008 | 180119b xxu||||| |||| 00| 0 eng d | ||
| 082 | _a620.0028 JON | ||
| 100 |
_aJome's _99051 |
||
| 245 |
_aMechanical measurement, Jones Instrument technology _nVol-III |
||
| 250 | _a4 | ||
| 260 |
_aOxford (Auckland) _bButterworth Heinemann _c2003 |
||
| 300 | _ax, 206p. | ||
| 942 |
_aNUST-CAE _cBK _k620.0028 JON _2ddc |
||